00444nam a2200145Ia 4500008004100000040001900041041001200060082002700072245006000099260004100159300002200200650003300222700002200255850002100277131103s9999 xx 000 0 und d aLoreto College aEnglish a821.08/YOUbLCBkB/E324 aGreat English poemscSelected and edited by C. B. Young aDelhibOxford University Pressc1982 avi,235p. c 18cm. aEnglish Poetry - Collections aYoung, C. B., ed. aLCBkB/821.08/YOU